Largest Suburb Cities of U.S. Metro Areas - Statistics

General Stats
  • This quiz has been taken 91 times
  • The average score is 21 of 30
Answer Stats
Hint Answer % Correct
918,915 Fort Worth
96%
292,449 Jersey City
96%
311,549 Newark
96%
440,646 Oakland
93%
219,346 Tacoma
93%
211,569 Yonkers
91%
404,219 Aurora
88%
394,266 Arlington
86%
182,760 Fort Lauderdale
86%
223,109 Hialeah
84%
285,494 Plano
80%
151,854 Bellevue
71%
256,684 Irving
71%
153,067 Hollywood
69%
159,732 Paterson
68%
137,298 Elizabeth
66%
246,018 Garland
66%
230,504 Fremont
65%
155,984 Lakewood
64%
110,629 Everett
63%
124,321 Berkeley
60%
141,867 Thornton
56%
136,588 Kent
55%
124,402 Arvada
50%
162,954 Hayward
45%
134,721 Miramar
45%
171,178 Pembroke Pines
45%
116,317 Westminster
45%
106,785 Renton
40%
125,410 Concord
39%
No matching quizzes found
Score Distribution
Percent of People with Each Score
Percentile by Number Answered
Your Score History
You have not taken this quiz